000 00685pam a2200229 a 4500
001 599625
005 20180123043800.0
008 911120s1992 flu b 000 0 eng
010 _a 91039668
020 _a1558742131 :
_c$7.95
040 _aDLC
_cDLC
_dDLC
041 _aeng
080 _a158.1 BRA
082 0 0 _a158.1 BRA
_220
100 1 _a48
101 _aPSI
245 1 4 _aThe power of self-esteem /
_cNathaniel Branden.
504 _aIncludes bibliographical references (p. 97).
906 _a7
_bcbc
_corignew
_d1
_eocip
_f19
_gy-gencatlg
942 _2ddc
_cBK
999 _c40750
_d40750